| 000 | 00469 a2200133 4500 | ||
|---|---|---|---|
| 003 | Nust | ||
| 005 | 20170207164336.0 | ||
| 040 | _cNust | ||
| 245 |
_aMachine Learning and Data Mining in Pattern Recognition(E BOOK) _b5th International Conference, MLDM 2007 Leipzig, Germany, July 18-20, 2007 Proceedings _cPetra Perner (Ed.) |
||
| 260 |
_aBerlin _bSpringer-Verlag _c2007 |
||
| 300 | _a927p | ||
| 538 | _aE Book | ||
| 650 | _aMachine Learning and Data Mining in Pattern Recognition | ||
| 942 |
_2ddc _cBK |
||
| 999 |
_c208711 _d208711 |
||